000 00885cam a2200229 4500
001 WB4019-09
008 040518n2004 000 0 eng u
035 _a(Sirsi) u126221
245 _aGovernment puts design codes to test
260 _c2004
490 _aBuilding Design
_v1625 (14 May 2004) (1)
520 _aSix major housing developments will take part in a pilot project to test design codes on more than 10 000 new homes. The pilots will provide comparison with traditional developments to see if design codes accelerate delivery and improve design quality. The government would drop backing of the new codes if the projects failed.
590 _aWB
590 _aWB
650 _aDESIGN CODE
650 _aPILOT PROJECT
650 _aNEW HOUSING
650 _aPLANNING DECISIONS
650 _aHOUSING PROJECTS
690 _aHOUSING-DEVELOPMENT
942 _n0
999 _c117364
_d117364